000 00523nam a2200157 4500
001 126067
003 ES-MaACL
005 20230906192741.0
007 t|
008 070214s1966 sp r ||||1| spa d
100 1 _aReina, María Oliva.
_996028
245 1 0 _aDías llenos
_b: complemento de la `Casi autobiografía` de la M. Mª Oliva Reina y Castrillón.
260 _aPuerto de Santa María [Cádiz] :
_b[s. n.],
_c1966 (
_fImp. Jerez Industrial)
300 _a142 p. ;
_c20 cm.
852 _aES-MaACL
_jC-30773
_bR.70014
999 _c126067
_d126067